000
00269nam a2200097Ia 4500
001
1299352
005
20260417170343.0
008
260417s9999 xx 000 0 und d
245
0
_a
ERDEMLER-2 ARKADAŞLARIMI SEVİYORUM
_c
Necla SAYDAM
260
_b
TİMAŞ ÇOCUK YAYINLARI
999
_c
1299352
_d
1299352